Economics of education in India : A thematic review (Record no. 13144)

MARC details
000 -LEADER
fixed length control field 00374nam a2200133Ia 4500
082 ## - DEWEY DECIMAL CLASSIFICATION NUMBER
Classification number RP.0196
100 ## - MAIN ENTRY--AUTHOR NAME
Personal name Panchamukhi, P.R.
245 #0 - TITLE STATEMENT
Title Economics of education in India : A thematic review
260 ## - PUBLICATION, DISTRIBUTION, ETC. (IMPRINT)
Year of publication 1991
300 ## - PHYSICAL DESCRIPTION
Number of Pages 72
650 ## - SUBJECT ADDED ENTRY--TOPICAL TERM
Topical Term EDUCATION - ECONOMIC ASPECTS - INDIA
710 ## - ADDED ENTRY--CORPORATE NAME
Corporate name or jurisdiction name as entry element Centre for Multi-Disciplinary Development Research, Dharwad
942 ## - ADDED ENTRY ELEMENTS (KOHA)
Koha item type Research Reports
Source of classification or shelving scheme Dewey Decimal Classification
Holdings
Withdrawn status Lost status Damaged status Not for loan Home library Current library Date acquired Bill Date Full call number Accession Number Price effective from Koha item type
        NASSDOC Library NASSDOC Library 08/10/2004 2008-12-30 RP.0196 31151 18/04/2019 Research Reports